[Event "Festival A"]
[Site "Desenzano del Garda ITA"]
[Date "2009.06.08"]
[Round "3"]
[White "Tocchioni, Doriano"]
[Black "Mettifogo, Claudio Francesco"]
[Result "1-0"]
[WhiteElo "2321"]
[BlackElo "1440"]
[PlyCount "51"]
[EventDate "2009.06.06"]

1. d4 d5 2. Nf3 Nf6 3. g3 h6 4. Bg2 e6 5. O-O Bd6 6. c4 c6 7. Nc3 O-O 8. Ne5
Qc7 9. f4 dxc4 10. Nxc4 Nd5 11. e4 Nxc3 12. bxc3 Be7 13. Qh5 Nd7 14. e5 c5 15.
d5 exd5 16. Bxd5 Nb6 17. Nxb6 Qxb6 18. c4 Be6 19. Be3 Rad8 20. Rad1 Rd7 21. f5
Bxd5 22. cxd5 Qb2 23. f6 gxf6 24. Qg4+ Kh7 25. Qxd7 Qxe5 26. Bf4 1-0

[Event "Festival A"]
[Site "Desenzano del Garda ITA"]
[Date "2009.06.08"]
[Round "3"]
[White "Valsecchi, Alessio"]
[Black "Doluhanova, Evgeniya"]
[Result "1-0"]
[WhiteElo "2363"]
[BlackElo "2240"]
[PlyCount "45"]
[EventDate "2009.06.06"]

1. e4 c5 2. Nf3 Nc6 3. d4 cxd4 4. Nxd4 Nf6 5. Nc3 e5 6. Ndb5 d6 7. Bg5 a6 8.
Na3 b5 9. Bxf6 gxf6 10. Nd5 f5 11. Bxb5 axb5 12. Nxb5 Ra4 13. c4 Rxc4 14. O-O
Be7 15. Rc1 Rxc1 16. Qxc1 Nd4 17. Nbc7+ Kf8 18. Qh6+ Kg8 19. Nxe7+ Qxe7 20. Nd5
Qe6 21. Nf6+ Qxf6 22. Qxf6 h5 23. Qxd6 1-0

[Event "Festival A"]
[Site "Desenzano del Garda ITA"]
[Date "2009.06.08"]
[Round "3"]
[White "Vocaturo, Daniele"]
[Black "Drazic, Sinisa"]
[Result "1/2-1/2"]
[WhiteElo "2480"]
[BlackElo "2533"]
[PlyCount "70"]
[EventDate "2009.06.06"]

1. e4 e6 2. d4 d5 3. Nc3 dxe4 4. Nxe4 Nd7 5. Nf3 Ngf6 6. Bd3 Nxe4 7. Bxe4 Nf6
8. Bg5 Be7 9. Bxf6 Bxf6 10. Qd3 Bd7 11. Bxb7 Rb8 12. Be4 Rxb2 13. O-O h6 14.
Qa3 Qb8 15. c4 Qb4 16. Qxa7 Qxc4 17. Qa8+ Bd8 18. Ne5 Qa4 19. Qxa4 Bxa4 20.
Rfb1 Rb6 21. Nd3 Bc2 22. Rc1 Bxd3 23. Bxd3 Bf6 24. Rxc7 Bxd4 25. Rd1 O-O 26. g3
e5 27. Kg2 f5 28. f4 Kh8 29. fxe5 Bxe5 30. Rc5 Bd6 31. Rxf5 Rb2+ 32. Kh3 Rxa2
33. Bb1 Rxf5 34. Bxf5 Rf2 35. Bb1 Rf6 1/2-1/2

[Event "Festival A"]
[Site "Desenzano del Garda ITA"]
[Date "2009.06.08"]
[Round "3"]
[White "Vuelban, Virgilio"]
[Black "Chiodini, Pietro"]
[Result "1-0"]
[WhiteElo "2422"]
[BlackElo "1816"]
[PlyCount "49"]
[EventDate "2009.06.06"]

1. e4 Nc6 2. Nf3 Nf6 3. e5 Nd5 4. d4 d6 5. c4 Nb6 6. exd6 cxd6 7. d5 Ne5 8.
Nxe5 dxe5 9. a4 g6 10. c5 Nd7 11. c6 bxc6 12. dxc6 Nf6 13. Qxd8+ Kxd8 14. Bc4
Bg7 15. Nc3 Be6 16. Bxe6 fxe6 17. Be3 Nd5 18. O-O-O Kc7 19. Nxd5+ exd5 20. Rxd5
Kxc6 21. Rhd1 Rac8 22. Rc5+ Kb7 23. Rd7+ Kb8 24. Rxa7 Bh6 25. Raa5 1-0

[Event "Festival A"]
[Site "Desenzano del Garda ITA"]
[Date "2009.06.09"]
[Round "4"]
[White "Bentivegna, Francesco"]
[Black "Grabarczyk, Miroslaw"]
[Result "0-1"]
[WhiteElo "2326"]
[BlackElo "2469"]
[PlyCount "57"]
[EventDate "2009.06.06"]

1. e4 e5 2. Nf3 Nc6 3. Bc4 Bc5 4. c3 Nf6 5. d4 exd4 6. e5 d5 7. Bb5 Ne4 8. cxd4
Bb6 9. Nc3 O-O 10. Be3 Ne7 11. Qb3 Be6 12. O-O h6 13. Be2 Nf5 14. Na4 f6 15.
Nc5 Bxc5 16. dxc5 fxe5 17. Nxe5 Qf6 18. f4 d4 19. Bc4 Nxc5 20. Bxe6+ Qxe6 21.
Qxe6+ Nxe6 22. Bd2 h5 23. Rfe1 Rfe8 24. Rad1 c6 25. g3 Rac8 26. Bb4 Rcd8 27.
Kf2 Nc7 28. a4 Nd5 29. Bc5 {...} 0-1

[Event "Festival A"]
[Site "Desenzano del Garda ITA"]
[Date "2009.06.09"]
[Round "4"]
[White "Bertani, Gianfranco"]
[Black "Marino, Francesco V."]
[Result "1-0"]
[WhiteElo "2102"]
[BlackElo "1843"]
[PlyCount "65"]
[EventDate "2009.06.06"]

1. e4 c5 2. f4 Nc6 3. Nf3 g6 4. Nc3 Bg7 5. Bc4 e6 6. a3 Nge7 7. d3 d6 8. O-O a6
9. Qe1 b5 10. Ba2 Bb7 11. f5 gxf5 12. Qg3 Bd4+ 13. Nxd4 Nxd4 14. Rf2 Kd7 15.
Be3 Rg8 16. Qh3 Rg7 17. b4 Qg8 18. a4 Bc6 19. bxc5 dxc5 20. Bxd4 cxd4 21. Ne2
fxe4 22. dxe4 Bxe4 23. Nxd4 Bd5 24. Bxd5 Nxd5 25. axb5 a5 26. c4 Nb6 27. c5 Nd5
28. b6 a4 29. b7 Ra7 30. c6+ Kc7 31. Qh5 a3 32. Qe5+ Kb6 33. b8=Q+ 1-0

[Event "Festival A"]
[Site "Desenzano del Garda ITA"]
[Date "2009.06.09"]
[Round "4"]
[White "Bolico, Exfelicos"]
[Black "Rombaldoni, Denis"]
[Result "0-1"]
[WhiteElo "2194"]
[BlackElo "2442"]
[PlyCount "90"]
[EventDate "2009.06.06"]

1. d4 d5 2. Nf3 c6 3. Bf4 Nf6 4. Nbd2 g6 5. e3 Bg7 6. h3 O-O 7. Bd3 a5 8. c4
Nbd7 9. O-O b6 10. Rc1 Bb7 11. cxd5 Nxd5 12. Bh2 c5 13. a3 cxd4 14. exd4 N7f6
15. Ne5 Rc8 16. Qe2 Bh6 17. Rxc8 Qxc8 18. f4 Nh5 19. Ng4 Bg7 20. Ne5 Bh6 21.
Ng4 Bg7 22. Ne5 f5 23. Bc4 Kh8 24. Bd3 Bh6 25. g3 Ng7 26. Re1 Ne8 27. Bc4 Bg7
28. Ndf3 Nd6 29. Bd3 Nf6 30. Ng5 Nfe4 31. Qc2 Qxc2 32. Bxc2 Nxg5 33. fxg5 Nb5
34. Bb3 Nxd4 35. Nf7+ Rxf7 36. Bxf7 Nf3+ 37. Kf2 Bd4+ 38. Ke2 Nxe1 39. Kxe1 Kg7
40. Be8 e5 41. Kd2 Kf8 42. Bb5 Bd5 43. b4 Ke7 44. Kd3 axb4 45. axb4 Bg2 0-1

[Event "Festival A"]
[Site "Desenzano del Garda ITA"]
[Date "2009.06.09"]
[Round "4"]
[White "Brodsky, Michail"]
[Black "Rotstein, Arkadij"]
[Result "1/2-1/2"]
[WhiteElo "2524"]
[BlackElo "2526"]
[PlyCount "29"]
[EventDate "2009.06.06"]

1. d4 Nf6 2. c4 e6 3. Nf3 d5 4. Nc3 Be7 5. Bg5 O-O 6. e3 h6 7. Bh4 Ne4 8. Bxe7
Qxe7 9. Rc1 c6 10. Be2 Nd7 11. O-O Nxc3 12. Rxc3 dxc4 13. Bxc4 b6 14. Bd3 c5
15. Be4 1/2-1/2

[Event "Festival A"]
[Site "Desenzano del Garda ITA"]
[Date "2009.06.09"]
[Round "4"]
[White "Brunello, Marina"]
[Black "Facchetti, Gianni"]
[Result "0-1"]
[WhiteElo "2166"]
[BlackElo "2174"]
[PlyCount "104"]
[EventDate "2009.06.06"]

1. e4 e5 2. Nf3 Nc6 3. d4 exd4 4. Nxd4 Bb4+ 5. c3 Be7 6. Nf5 Bf6 7. g3 d6 8.
Ne3 Nge7 9. Bg2 h5 10. h3 h4 11. g4 Bg5 12. O-O Bf4 13. Nd5 Bxc1 14. Qxc1 Nxd5
15. exd5 Ne7 16. Qg5 Kf8 17. Nd2 Bd7 18. c4 Ng6 19. Qe3 Qf6 20. f4 b6 21. b3
Re8 22. Qf2 Qb2 23. Be4 f5 24. Bxf5 Bxf5 25. gxf5 Ne7 26. Ne4 Qxf2+ 27. Rxf2
Nxf5 28. Ng5 Re3 29. Kh2 Ke7 30. Rg1 Kf6 31. Rg4 g6 32. Nf3 a5 33. Nd2 Rhe8 34.
Rfg2 Rg3 35. Nf1 Rxg2+ 36. Rxg2 Re1 37. Nd2 Ng3 38. Rf2 Ne4 39. Nf3 Re3 40. Rf1
Re2+ 41. Kg1 Nd2 42. Nxd2 Rxd2 43. Rf2 Rd3 44. Kg2 Rg3+ 45. Kh2 Re3 46. Rg2 Rf3
47. Rg4 Rf2+ 48. Kg1 Rxa2 49. Rxh4 a4 50. bxa4 Rxa4 51. f5 Kxf5 52. Rg4 b5 0-1

[Event "Festival A"]
[Site "Desenzano del Garda ITA"]
[Date "2009.06.09"]
[Round "4"]
[White "Brunello, Sabino"]
[Black "Shoker, Samy"]
[Result "1/2-1/2"]
[WhiteElo "2477"]
[BlackElo "2404"]
[PlyCount "28"]
[EventDate "2009.06.06"]

1. e4 g6 2. d4 Bg7 3. Nc3 d6 4. Be3 a6 5. f4 b5 6. Bd3 Nd7 7. Nf3 c5 8. e5 Bb7
9. Be4 Bxe4 10. Nxe4 Nh6 11. dxc5 Ng4 12. Qe2 Nxe3 13. Qxe3 Nxc5 14. O-O-O Qc7
1/2-1/2

[Event "Festival A"]
[Site "Desenzano del Garda ITA"]
[Date "2009.06.09"]
[Round "4"]
[White "Chiodini, Pietro"]
[Black "Zacco, Remo"]
[Result "0-1"]
[WhiteElo "1816"]
[BlackElo "1940"]
[PlyCount "64"]
[EventDate "2009.06.06"]

1. Nc3 e5 2. Nf3 Nc6 3. d4 exd4 4. Nxd4 Bb4 5. Bf4 Qf6 6. e3 Nxd4 7. Qxd4 Qxd4
8. exd4 d6 9. O-O-O Bxc3 10. bxc3 Bd7 11. Re1+ Kf8 12. Bc4 Ne7 13. Re3 Re8 14.
Rhe1 Nf5 15. Rxe8+ Bxe8 16. Bg5 f6 17. Bd2 Bf7 18. Bd3 Nh4 19. Kb2 Bd5 20. Be4
Bxe4 21. Rxe4 Ng6 22. c4 Kf7 23. Kc3 c6 24. f4 f5 25. Re2 Re8 26. Rxe8 Kxe8 27.
Kd3 Ne7 28. Bc3 g6 29. Bb4 Kd7 30. c5 d5 31. Be1 Ke6 32. Bh4 Ng8 0-1

[Event "Festival A"]
[Site "Desenzano del Garda ITA"]
[Date "2009.06.09"]
[Round "4"]
[White "Codenotti, Marco"]
[Black "Romanishin, Oleg M."]
[Result "0-1"]
[WhiteElo "2035"]
[BlackElo "2501"]
[PlyCount "76"]
[EventDate "2009.06.06"]

1. e4 e5 2. Nf3 Nc6 3. d4 exd4 4. Nxd4 Bc5 5. Be3 Qf6 6. c3 Qg6 7. Qf3 Bxd4 8.
cxd4 Nb4 9. Na3 d5 10. exd5 Bg4 11. Qg3 Nxd5 12. Nc4 Be6 13. Qf3 Qg4 14. Qxg4
Bxg4 15. Ne5 Be6 16. Nd3 O-O-O 17. Be2 Ngf6 18. O-O Bg4 19. Bxg4+ Nxg4 20. Bd2
Nb6 21. Bc3 Nh6 22. Rad1 f6 23. Rfe1 Nd5 24. Nc5 b6 25. Nb3 Nf5 26. g3 Rd6 27.
Rd3 Rhd8 28. Kh1 a5 29. a4 Rc6 30. Nd2 Nd6 31. h3 Kb7 32. Re6 Re8 33. Rxe8 Nxe8
34. Kg2 Nd6 35. h4 h6 36. Kh3 Nc4 37. Nf3 Nxc3 38. bxc3 Nb2 0-1

[Event "Festival A"]
[Site "Desenzano del Garda ITA"]
[Date "2009.06.09"]
[Round "4"]
[White "Doluhanova, Evgeniya"]
[Black "Dvirnyy, Danyyil"]
[Result "0-1"]
[WhiteElo "2240"]
[BlackElo "2459"]
[PlyCount "114"]
[EventDate "2009.06.06"]

1. e4 a6 2. c3 Ra7 3. d3 Ra8 4. f4 d5 5. e5 c5 6. Nf3 Nc6 7. Be2 Nh6 8. O-O g6
9. Be3 d4 10. cxd4 Ng4 11. Qd2 cxd4 12. Bf2 Bh6 13. Na3 Ngxe5 14. Nxe5 Nxe5 15.
Nc2 O-O 16. Bxd4 Nc6 17. Be3 Bf5 18. g4 Bd7 19. d4 Be6 20. f5 Bxe3+ 21. Qxe3
Bd5 22. fxg6 hxg6 23. Bd3 Kg7 24. Rf2 Qd6 25. Qg5 Be6 26. Re1 Qd5 27. Bf5 Bxf5
28. gxf5 Rad8 29. Re3 Rh8 30. f6+ exf6 31. Qxf6+ Kg8 32. Rfe2 Rf8 33. Rg3 Rh5
34. Reg2 Rh6 35. Rg5 Qe4 36. d5 Rd8 37. Rf2 Rd7 38. dxc6 Rd1+ 39. Rf1 Rxf1+ 40.
Kxf1 Qd3+ 41. Kg1 Qd1+ 42. Qf1 Qxc2 43. Rg2 Qxc6 44. Qf4 Rh5 45. b4 Qd5 46. h4
Rf5 47. Qg4 Qe5 48. Re2 Qf4 49. Rg2 Qc1+ 50. Kh2 Rf1 51. Qe4 Qf4+ 52. Qxf4 Rxf4
53. h5 Rh4+ 54. Kg3 Rxh5 55. Rc2 a5 56. a3 axb4 57. axb4 Kg7 0-1

[Event "Festival A"]
[Site "Desenzano del Garda ITA"]
[Date "2009.06.09"]
[Round "4"]
[White "Drazic, Sinisa"]
[Black "Lazic, Miroljub"]
[Result "1-0"]
[WhiteElo "2533"]
[BlackElo "2438"]
[PlyCount "63"]
[EventDate "2009.06.06"]

1. d4 d5 2. c4 e6 3. Nc3 c6 4. e4 dxe4 5. Nxe4 Bb4+ 6. Bd2 Qxd4 7. Bxb4 Qxe4+
8. Be2 Nd7 9. Nf3 c5 10. Bc3 Ngf6 11. O-O O-O 12. Bd3 Qc6 13. Re1 b6 14. Ne5
Nxe5 15. Rxe5 Bb7 16. Rg5 Ne8 17. Bxh7+ Kxh7 18. Qh5+ Kg8 19. Bxg7 Nxg7 20. Qh6
Qxg2+ 21. Rxg2 Bxg2 22. Kxg2 Rad8 23. Rg1 f6 24. Kh1 Rf7 25. Rg6 f5 26. b3 Rd4
27. h3 a6 28. Rg1 Rd6 29. h4 Rd4 30. f4 b5 31. h5 bxc4 32. bxc4 1-0

[Event "Festival A"]
[Site "Desenzano del Garda ITA"]
[Date "2009.06.09"]
[Round "4"]
[White "Genocchio, Daniele"]
[Black "Conti, Ferdinando"]
[Result "1-0"]
[WhiteElo "2445"]
[BlackElo "1640"]
[PlyCount "49"]
[EventDate "2009.06.06"]

1. e4 c5 2. Nf3 Nc6 3. d4 cxd4 4. Nxd4 e5 5. Nb5 d6 6. a4 Be7 7. N1c3 a6 8. Na3
Be6 9. Nc4 Qc7 10. Be3 Bxc4 11. Bxc4 Nf6 12. O-O h6 13. a5 Nxa5 14. Bxf7+ Kf8
15. Nd5 Nxd5 16. Bxd5 Nc6 17. f4 Bf6 18. Qh5 Qe7 19. fxe5 Nxe5 20. c4 Rc8 21.
b4 Nxc4 22. Rac1 b5 23. Bd4 Rc7 24. Bxf6 gxf6 25. Qg6 1-0

[Event "Festival A"]
[Site "Desenzano del Garda ITA"]
[Date "2009.06.09"]
[Round "4"]
[White "Ignacz, Maria"]
[Black "Sveshnikov, Vladimir"]
[Result "1/2-1/2"]
[WhiteElo "2197"]
[BlackElo "2385"]
[PlyCount "83"]
[EventDate "2009.06.06"]

1. d4 d5 2. c4 e6 3. Nf3 Nf6 4. g3 dxc4 5. Bg2 c5 6. Qa4+ Nc6 7. dxc5 Bxc5 8.
O-O Bd7 9. Qxc4 Be7 10. Nc3 O-O 11. Rd1 Rc8 12. Bg5 h6 13. Be3 Qa5 14. Qb3 Rfd8
15. h3 Qa6 16. Rac1 Na5 17. Qc2 b5 18. Qb1 Nc4 19. Bd4 Bc6 20. b3 Na3 21. Qb2
b4 22. Na4 Bxa4 23. bxa4 Qxa4 24. Ne5 Nd5 25. Rd3 Nc2 26. Bxa7 Bf6 27. Bxd5
exd5 28. Bb6 Re8 29. Rxd5 Rxe5 30. Rxe5 Bxe5 31. Qxe5 Qxa2 32. Bd4 f6 33. Qf5
Qc4 34. Bxf6 gxf6 35. Qg6+ Kf8 36. Rxc2 Qxc2 37. Qxf6+ Kg8 38. Qe6+ Kg7 39.
Qe7+ Kg6 40. Qe6+ Kh7 41. Qf7+ Kh8 42. Qf6+ 1/2-1/2

[Event "Festival A"]
[Site "Desenzano del Garda ITA"]
[Date "2009.06.09"]
[Round "4"]
[White "Ignacz, Rozsa"]
[Black "Bodiroga, Predrag"]
[Result "0-1"]
[WhiteElo "2099"]
[BlackElo "2422"]
[PlyCount "30"]
[EventDate "2009.06.06"]

1. d4 Nf6 2. c4 c5 3. d5 g6 4. Nc3 Bg7 5. Nf3 O-O 6. e4 d6 7. Bd3 e5 8. O-O Ne8
9. Bg5 Qc7 10. Qc1 f5 11. Bh6 f4 12. Bxg7 Qxg7 13. h4 h6 14. Nh2 Qf6 15. g3 Bh3
0-1

[Event "Festival A"]
[Site "Desenzano del Garda ITA"]
[Date "2009.06.09"]
[Round "4"]
[White "Korneev, Oleg"]
[Black "Malaniuk, Vladimir P."]
[Result "1/2-1/2"]
[WhiteElo "2587"]
[BlackElo "2523"]
[PlyCount "36"]
[EventDate "2009.06.06"]

1. e4 e5 2. Nf3 Nc6 3. Bb5 a6 4. Ba4 d6 5. c3 Bd7 6. d4 g6 7. O-O Bg7 8. Re1 b5
9. Bb3 Nf6 10. Nbd2 O-O 11. h3 Re8 12. a3 h6 13. a4 Na5 14. Bc2 c5 15. dxe5
dxe5 16. Nf1 Qc7 17. Ne3 Bc6 18. b4 Bd7 1/2-1/2

[Event "Festival A"]
[Site "Desenzano del Garda ITA"]
[Date "2009.06.09"]
[Round "4"]
[White "Matseyko, Katerina"]
[Black "Ghidinelli, Giorgio"]
[Result "1-0"]
[WhiteElo "2241"]
[BlackElo "1843"]
[PlyCount "39"]
[EventDate "2009.06.06"]

1. e4 e6 2. d4 d5 3. Nd2 dxe4 4. Nxe4 Nf6 5. Bd3 Be7 6. Nf3 Nbd7 7. O-O Nxe4 8.
Bxe4 Nf6 9. Bd3 h6 10. Qe2 Bd6 11. Ne5 c6 12. Kh1 Bxe5 13. dxe5 Nd5 14. Qg4 g6
15. Bxg6 Rg8 16. Bxf7+ Kxf7 17. Qf3+ Kg7 18. c4 Nb6 19. Qh5 Rh8 20. Rd1 1-0

[Event "Festival A"]
[Site "Desenzano del Garda ITA"]
[Date "2009.06.09"]
[Round "4"]
[White "Mettifogo, Claudio Francesco"]
[Black "De Paoli, Emilio"]
[Result "0-1"]
[WhiteElo "1440"]
[BlackElo "1967"]
[PlyCount "70"]
[EventDate "2009.06.06"]

1. e4 c5 2. Nf3 e6 3. d4 cxd4 4. Nxd4 a6 5. Nc3 Bc5 6. Be3 Qb6 7. Bc4 Nc6 8.
Nxc6 Bxe3 9. O-O Qxc6 10. fxe3 Qxc4 11. Qf3 f6 12. Rad1 Ne7 13. e5 O-O 14. Rd4
Qc6 15. Qh5 g6 16. Qh6 Nf5 17. Rxf5 exf5 18. Rd6 Qc5 19. Nd5 fxe5 20. Ne7+ Kf7
21. Qxh7+ Ke8 22. Nxc8 Qxe3+ 23. Kf1 Qc1+ 24. Ke2 Qxc2+ 25. Rd2 Qc4+ 26. Kf2
Qc5+ 27. Ke2 Qb5+ 28. Ke1 Rxc8 29. Qxg6+ Kd8 30. Qg5+ Kc7 31. Qe7 Kb8 32. Rxd7
Rc1+ 33. Kd2 Rfc8 34. Qd6+ Ka8 35. Rd8 R1c2+ 0-1

[Event "Festival A"]
[Site "Desenzano del Garda ITA"]
[Date "2009.06.09"]
[Round "4"]
[White "Oppici, Gabriele"]
[Black "Khairullin, Ildar"]
[Result "0-1"]
[WhiteElo "2048"]
[BlackElo "2606"]
[PlyCount "54"]
[EventDate "2009.06.06"]

1. Nc3 d5 2. e4 dxe4 3. Nxe4 Bf5 4. Ng3 Bg6 5. Nf3 Nd7 6. Bc4 e6 7. O-O Ngf6 8.
Re1 Bd6 9. d3 O-O 10. Bd2 c6 11. Ne4 Be7 12. Nxf6+ Bxf6 13. Bc3 Bxc3 14. bxc3
Bh5 15. d4 Nb6 16. Be2 Nd5 17. Qd2 Bxf3 18. Bxf3 Qa5 19. Rab1 b5 20. Rb3 Qxa2
21. Reb1 Rfd8 22. c4 bxc4 23. R3b2 Qxb2 24. Rxb2 c3 25. Qc1 cxb2 26. Qxb2 Rab8
27. Qc1 Nc3 0-1

[Event "Festival A"]
[Site "Desenzano del Garda ITA"]
[Date "2009.06.09"]
[Round "4"]
[White "Piscopo, Pierluigi"]
[Black "Abasov, Nijat Azad Oglu"]
[Result "1/2-1/2"]
[WhiteElo "2405"]
[BlackElo "2486"]
[PlyCount "86"]
[EventDate "2009.06.06"]

1. e4 c5 2. Nf3 d6 3. c3 Nf6 4. Be2 g6 5. O-O Bg7 6. Bb5+ Bd7 7. Bxd7+ Nbxd7 8.
Re1 O-O 9. d4 cxd4 10. cxd4 e5 11. Nc3 h6 12. b3 exd4 13. Nxd4 Re8 14. Bb2 Nc5
15. Qf3 Qb6 16. Rad1 Rad8 17. Bc1 Ncxe4 18. Nxe4 Nxe4 19. Rxe4 Bxd4 20. Rxe8+
Rxe8 21. Bxh6 Re5 22. g4 d5 23. Bf4 Re4 24. Bg3 Qc6 25. h3 Bb6 26. Kg2 Kg7 27.
g5 Qe6 28. h4 d4 29. Rh1 Re2 30. h5 gxh5 31. Rxh5 Qc6 32. Rh6 Qxf3+ 33. Kxf3
Rxa2 34. Ke4 Re2+ 35. Kd3 Re8 36. Bd6 Re1 37. b4 Rd1+ 38. Ke2 Rg1 39. f4 Rg2+
40. Kd3 Rg3+ 41. Ke2 Rg2+ 42. Kd3 Rg3+ 43. Ke2 Rg2+ 1/2-1/2

[Event "Festival A"]
[Site "Desenzano del Garda ITA"]
[Date "2009.06.09"]
[Round "4"]
[White "Ranfagni, Stefano"]
[Black "Grigore, George-Gabriel"]
[Result "0-1"]
[WhiteElo "2052"]
[BlackElo "2542"]
[PlyCount "70"]
[EventDate "2009.06.06"]

1. e4 c5 2. Nc3 Nc6 3. g3 g6 4. Bg2 Bg7 5. d3 e5 6. Be3 d6 7. Qd2 Be6 8. Nge2
Nd4 9. O-O Ne7 10. f4 Qd7 11. Nd1 O-O 12. c3 Nxe2+ 13. Qxe2 Rac8 14. Qd2 d5 15.
fxe5 d4 16. cxd4 cxd4 17. Bh6 Nc6 18. Bxg7 Kxg7 19. Rf4 Nxe5 20. Rh4 f6 21.
Qh6+ Kg8 22. Nf2 g5 23. Rh5 Qg7 24. Bh3 Bxh3 25. Rxh3 Qxh6 26. Rxh6 Rc2 27. Rh5
Kg7 28. g4 Kg6 29. Rh3 Rfc8 30. Nh1 Rc1+ 31. Rxc1 Rxc1+ 32. Kg2 Rc2+ 33. Kf1
Rxb2 34. Ng3 Nxd3 35. Rh5 Rb1+ 0-1

[Event "Festival A"]
[Site "Desenzano del Garda ITA"]
[Date "2009.06.09"]
[Round "4"]
[White "Rasmussen, Allan Stig"]
[Black "Tocchioni, Doriano"]
[Result "1-0"]
[WhiteElo "2501"]
[BlackElo "2321"]
[PlyCount "91"]
[EventDate "2009.06.06"]

1. e4 Nc6 2. Nf3 d6 3. d4 Nf6 4. Nc3 d5 5. e5 Ne4 6. Bd3 Bf5 7. O-O e6 8. Ne2
Be7 9. Ne1 h6 10. f3 Ng5 11. c3 Qd7 12. Be3 Na5 13. b3 O-O-O 14. Qd2 Nc6 15. b4
f6 16. exf6 Bxf6 17. Bb5 Nf7 18. Nd3 Bxd3 19. Bxd3 Nd6 20. Bf2 g5 21. Nc1 e5
22. Nb3 exd4 23. cxd4 Qg7 24. Qc3 g4 25. fxg4 Ne4 26. Bxe4 dxe4 27. Rad1 Ne7
28. Qh3 Bg5 29. Nc5 Qg6 30. Rfe1 Nd5 31. Nxe4 Nxb4 32. Qb3 Nd5 33. Nc5 b6 34.
Ne6 Rd7 35. Qf3 Qf6 36. Nxg5 hxg5 37. Re5 Rg8 38. Rf5 Qc6 39. Re1 Qc4 40. a3 c6
41. h3 a5 42. Kh2 a4 43. Rf8+ Rxf8 44. Qxf8+ Kc7 45. Re8 Qa2 46. Ra8 1-0

[Event "Festival A"]
[Site "Desenzano del Garda ITA"]
[Date "2009.06.09"]
[Round "4"]
[White "Rombaldoni, Axel"]
[Black "Lenic, Luka"]
[Result "1/2-1/2"]
[WhiteElo "2363"]
[BlackElo "2574"]
[PlyCount "110"]
[EventDate "2009.06.06"]

1. e4 e5 2. Nf3 Nc6 3. Bb5 a6 4. Ba4 Nf6 5. O-O b5 6. Bb3 Bb7 7. d4 Nxd4 8.
Nxd4 exd4 9. e5 Ne4 10. f3 Nc5 11. Qxd4 Nxb3 12. axb3 Qe7 13. Be3 d6 14. exd6
Qxd6 15. Nc3 Qxd4 16. Bxd4 O-O-O 17. Rfd1 f6 18. Bf2 Bd6 19. Ne2 Rhe8 20. Nd4
g6 21. Re1 Be5 22. c3 c5 23. Nc2 Bd6 24. Rxe8 Rxe8 25. Re1 Rxe1+ 26. Nxe1 Kd7
27. Nd3 Kc6 28. b4 cxb4 29. Nxb4+ Kd7 30. Bd4 a5 31. Nd3 Be7 32. Nc5+ Kc6 33.
Nxb7 Kxb7 34. Kf2 Kc6 35. Ke2 Kd5 36. Kd3 Bd6 37. h3 Be5 38. Bb6 a4 39. Ba5 Bf4
40. Bd8 f5 41. Be7 Bc1 42. Kc2 Be3 43. Kd3 Bc5 44. Bf6 Bd6 45. Bg7 Bg3 46. Bf6
Bd6 47. Bg7 Be5 48. Bf8 Bf6 49. Bb4 Be5 50. Bf8 Bb8 51. Bg7 Ba7 52. Bf6 Bc5 53.
Bh8 b4 54. cxb4 Bxb4 55. Bf6 Ba5 1/2-1/2

[Event "Festival A"]
[Site "Desenzano del Garda ITA"]
[Date "2009.06.09"]
[Round "4"]
[White "Rota, Simone"]
[Black "Salvador, Roland"]
[Result "0-1"]
[WhiteElo "1997"]
[BlackElo "2445"]
[PlyCount "114"]
[EventDate "2009.06.06"]

1. d4 Nf6 2. Nf3 e6 3. e3 b6 4. c4 Bb7 5. Be2 Bb4+ 6. Bd2 a5 7. O-O O-O 8. a3
Be7 9. Nc3 d5 10. cxd5 exd5 11. Rc1 Nbd7 12. Bd3 Ne4 13. Be1 Bf6 14. Qc2 Re8
15. Nd2 Qe7 16. Qb3 Nxc3 17. bxc3 c5 18. Bb5 a4 19. Qc2 Rec8 20. Nf3 Nf8 21.
Ra1 Ne6 22. Qd1 Nc7 23. Bd3 c4 24. Bc2 Bc6 25. Bd2 Nb5 26. Qc1 Qf8 27. Qb2 Be7
28. Bc1 Ra5 29. Nd2 Nd6 30. Qa2 Rca8 31. Re1 f5 32. f3 Bg5 33. Nf1 Rb5 34. Bd2
Rb3 35. Bxb3 axb3 36. Qb2 Be7 37. e4 fxe4 38. fxe4 Nxe4 39. Bc1 Bxa3 40. Qe2
Bxc1 41. Rxa8 Qxa8 42. Rxc1 Qa2 43. Qg4 Qf2+ 44. Kh1 b2 45. Qc8+ Qf8 46. Qxf8+
Kxf8 47. Rb1 Nf2+ 48. Kg1 Nd3 49. Nd2 Ba4 50. Rf1+ Ke7 51. g3 b5 52. Nb1 Bb3
53. Na3 b4 54. cxb4 c3 55. b5 c2 56. Nxc2 Bxc2 57. b6 Nc1 0-1

[Event "Festival A"]
[Site "Desenzano del Garda ITA"]
[Date "2009.06.09"]
[Round "4"]
[White "Rozzi, Enzo"]
[Black "Astengo, Marcello"]
[Result "0-1"]
[WhiteElo "1499"]
[BlackElo "2114"]
[PlyCount "66"]
[EventDate "2009.06.06"]

1. e4 e6 2. d4 d5 3. Nd2 Nf6 4. e5 Ng8 5. Ngf3 c5 6. c3 Bd7 7. Be2 Nc6 8. dxc5
Qc7 9. O-O Nxe5 10. Nxe5 Qxe5 11. Nf3 Qc7 12. b4 Nf6 13. Qd4 Be7 14. Bf4 Qd8
15. Be5 O-O 16. h3 Rc8 17. c4 b6 18. cxb6 axb6 19. a3 dxc4 20. Bxc4 Ba4 21.
Rac1 b5 22. Be2 Qd5 23. Qxd5 Nxd5 24. Bb2 Nf4 25. Nd4 Bf6 26. Rxc8 Rxc8 27. Re1
Rd8 28. Bxb5 Bxb5 29. Nxb5 Bxb2 30. a4 Nd5 31. Rb1 Be5 32. a5 Nxb4 33. Rxb4
Rd1# 0-1

[Event "Festival A"]
[Site "Desenzano del Garda ITA"]
[Date "2009.06.09"]
[Round "4"]
[White "Stella, Andrea"]
[Black "Valsecchi, Alessio"]
[Result "1/2-1/2"]
[WhiteElo "2276"]
[BlackElo "2363"]
[PlyCount "83"]
[EventDate "2009.06.06"]

1. d4 b6 2. e4 Bb7 3. Bd3 Nc6 4. Nf3 Nb4 5. c4 Nxd3+ 6. Qxd3 e6 7. d5 d6 8. Nc3
Qd7 9. Be3 Ne7 10. O-O a5 11. b3 e5 12. a3 g6 13. Nd2 Bg7 14. b4 O-O 15. bxa5
bxa5 16. Rfc1 f5 17. f3 Ba6 18. Qc2 fxe4 19. fxe4 Rf7 20. Qa4 c6 21. Rf1 Rxf1+
22. Rxf1 Qc7 23. dxc6 Qxc6 24. Qxc6 Nxc6 25. Nb5 Rb8 26. Nxd6 Bf8 27. Nb5 Bxb5
28. cxb5 Rxb5 29. Rc1 Nd4 30. Bxd4 exd4 31. a4 Rb2 32. Nc4 Rb4 33. Nxa5 d3 34.
Kf1 Rxe4 35. Nb3 Rxa4 36. Rd1 Rf4+ 37. Kg1 d2 38. Rxd2 Rf5 39. g3 Rf3 40. Nd4
Bc5 41. Kg2 Rf6 42. Nf3 1/2-1/2

[Event "Festival A"]
[Site "Desenzano del Garda ITA"]
[Date "2009.06.09"]
[Round "4"]
[White "Stella, Luca"]
[Black "Majeric, Zoran"]
[Result "1/2-1/2"]
[WhiteElo "1942"]
[BlackElo "2281"]
[PlyCount "28"]
[EventDate "2009.06.06"]

1. e4 c5 2. Nf3 g6 3. d4 Bg7 4. c4 cxd4 5. Nxd4 Nc6 6. Be3 Nf6 7. Nc3 d6 8. Be2
Bd7 9. O-O O-O 10. f3 Ne5 11. Qd2 a6 12. Rac1 Re8 13. Rfd1 Rc8 14. b3 Qc7
1/2-1/2

[Event "Festival A"]
[Site "Desenzano del Garda ITA"]
[Date "2009.06.09"]
[Round "4"]
[White "Sulava, Nenad"]
[Black "Frolyanov, Dmitry"]
[Result "0-1"]
[WhiteElo "2521"]
[BlackElo "2559"]
[PlyCount "50"]
[EventDate "2009.06.06"]

1. d4 d5 2. c4 e6 3. Nf3 Nf6 4. g3 dxc4 5. Bg2 Nc6 6. O-O Rb8 7. Nc3 Bb4 8. a3
Bxc3 9. bxc3 O-O 10. Bg5 h6 11. Bh4 g5 12. Nxg5 hxg5 13. Bxg5 e5 14. d5 Na5 15.
f4 e4 16. Qd4 Kg7 17. Rad1 Qd6 18. Kh1 Bg4 19. f5 Bxe2 20. Rde1 Bxf1 21. Rxe4
Be2 22. Rxe2 Rbe8 23. Bf4 Qb6 24. Bh6+ Kxh6 25. Qf4+ Kg7 0-1

[Event "Festival A"]
[Site "Desenzano del Garda ITA"]
[Date "2009.06.09"]
[Round "4"]
[White "Tiengo, Davide"]
[Black "Vuelban, Virgilio"]
[Result "0-1"]
[WhiteElo "2070"]
[BlackElo "2422"]
[PlyCount "26"]
[EventDate "2009.06.06"]

1. d4 Nf6 2. Nf3 g6 3. c4 Bg7 4. Nc3 O-O 5. e4 d6 6. Be2 e5 7. Be3 Ng4 8. Bg5
f6 9. Bc1 f5 10. d5 Nxf2 11. Kxf2 fxe4 12. Nxe4 Qh4+ 13. Ke3 Bh6+ 0-1